Sidewinder's Bollywood Quiz II - Statistics

General Stats
  • This quiz has been taken 730 times
  • The average score is 4 of 10
Answer Stats
Hint Answer % Correct
Name Kareena Kapoor's mother Babita
72%
Name Katrina Kaif's Bollywood debut movie Boom
72%
What is Anuska Sharma's name in the movie Rab Ne Bana Di Jodi? Taani
47%
Amol Palekar has won a single Filmfare Award in the best Actor category. Can you name the movie for which he won this award? Golmaal
41%
Can you name an Akshay Kumar movie which features Sylvester Stallone Kambakkht Ishq
41%
Name any one of the producer of the movie Chillar Party Salman Khan
40%
Which composer won the National Award for Best Music Direction for Dev D? Amit Trivedi
26%
Name the music director of the movie Hum Dil De Chuke Sanam. Ismail Darbar
26%
What is the last name of Ehsaan of the Shakar-Ehsaan-Loy music director trio? Noorani
17%
What is Shahrukh Khan's name in the movie Dil Se? Amar Varma
11%
No matching quizzes found
Score Distribution
Percent of People with Each Score
Percentile by Number Answered
Your Score History
You have not taken this quiz